[Event "CCA ChessWise op"]
[Site "Stratton Mountain"]
[Date "1999.06.14"]
[Round "6"]
[White "Shapiro, Daniel E"]
[Black "Friedman, Josef"]
[Result "1-0"]
[WhiteElo "2278"]
[BlackElo "2176"]

1.d4 Nf6 2.Nf3 e6 3.c4 c5 4.d5 exd5 5.cxd5 d6 6.Nc3 g6 7.Nd2 Bg7 8.Nc4 O-O
9.g3 Qe7 10.Bg2 Nbd7 11.O-O Ne8 12.a4 b6 13.Re1 Ba6 14.Na3 Ne5 15.Bd2 f5
16.Qc1 Nf6 17.h3 Nh5 18.Kh2 f4 19.g4 Qh4 20.Kg1 Nxg4 21.hxg4 Qxg4 22.Nab5 Be5
23.Ne4 Bxb5 24.axb5 f3 25.exf3 Rxf3 26.Ra3 Rxa3 27.bxa3 Rf8 28.Qd1 Qh4 29.Re3 Qh2+
30.Kf1 Nf4 31.Qg4 Rf5 32.Rg3 Qh5 33.Bf3 Qxg4 34.Bxg4 Rf8 35.Bc3 Re8 36.Bd7 Re7
37.Bc6 Bxc3 38.Nxc3 Re5 39.Re3 Rh5 40.Kg1 Rg5+ 41.Kh1 Rh5+ 42.Kg1 Rg5+ 43.Rg3 Re5
44.Kf1 h6 45.Rf3 g5 46.Re3 Rf5 47.Ne4 Nxd5 48.Bxd5+  1-0

[Event "Swidnica op"]
[Site "Swidnica"]
[Date "1999.07.03"]
[Round "6"]
[White "Buturin, Vladimir"]
[Black "Kosiorek, Andrzej Jr"]
[Result "1-0"]
[WhiteElo "2394"]
[BlackElo "2075"]

1.d4 Nf6 2.Nf3 c5 3.d5 e6 4.c4 exd5 5.cxd5 d6 6.Nc3 g6 7.e4 Bg7 8.Nd2 Nbd7
9.Be2 O-O 10.O-O Re8 11.a4 a6 12.Re1 Qe7 13.Nc4 Ne5 14.Nb6 Rb8 15.a5 Ned7
16.Nc4 b5 17.axb6 Nxb6 18.Na5 Nxe4 19.Nc6 Qb7 20.Nxe4 Rxe4 21.Bxa6 Rxe1+
22.Qxe1 Qc7 23.Nxb8  1-0

[Event "Haarlem AKN op 8th"]
[Site "Haarlem"]
[Date "1999.07.04"]
[Round "5"]
[White "Barsov, Alexei"]
[Black "Galje, Hans"]
[Result "1/2-1/2"]
[WhiteElo "2539"]
[BlackElo "2122"]

1.d4 Nf6 2.Nf3 e6 3.c4 c5 4.d5 exd5 5.cxd5 d6 6.Nc3 g6 7.e4 a6 8.a4 Bg4 9.Be2 Bxf3
10.Bxf3 Nbd7 11.O-O Bg7 12.Bf4 Qe7 13.Re1 Ne5 14.Be2 O-O 15.Bg3 Ned7 16.Kh1 Rfe8
17.f4 h5 18.Bf3 Nh7 19.e5 dxe5 20.d6 Qd8 21.Bxb7 Rb8 22.Bc6 Rb6 23.Bxd7 Qxd7
24.fxe5 h4 25.Bxh4 Rxe5 26.Rxe5 Bxe5 27.Ne4 Rxb2 28.Qd5 Bd4 29.Nxc5 Bxc5
30.Qxc5 Nf8 31.h3 Ne6 32.Qe5 Qb7 33.Rg1 Rb3 34.Kh2 Rb4 35.Be1 Re4 36.Qf6 Nd4
37.Rf1 Re2 38.Qd8+ Kh7 39.Qh4+ Kg8 40.Qd8+ Kh7 41.Qh4+ Kg8 42.Qg3  1/2-1/2

[Event "Paris-ch"]
[Site "Paris"]
[Date "1999.07.18"]
[Round "2"]
[White "Tregubov, Pavel V"]
[Black "Montheard, Xavier"]
[Result "1-0"]
[WhiteElo "2609"]
[BlackElo "2241"]

1.d4 Nf6 2.Nf3 c5 3.d5 d6 4.c4 e6 5.Nc3 exd5 6.cxd5 g6 7.e4 Bg7 8.Bb5+ Nbd7
9.Bf4 Qe7 10.O-O O-O 11.Re1 a6 12.Bf1 Re8 13.e5 dxe5 14.Nxe5 Qf8 15.Qf3 b5
16.Nc6 Nb6 17.Bg5 Bf5 18.Bxf6 Bxf6 19.g4 Bxc3 20.bxc3 Bd7 21.Bg2 Qd6 22.h3 Rac8
23.Na5 Rc7 24.Rxe8+ Bxe8 25.Re1 Re7 26.Rxe7 Qxe7 27.Qg3 Nc8 28.Nc6 Qd6 29.Qe3 Bd7
30.Bf3 Kg7 31.Kg2 h6 32.c4 Nb6 33.cxb5 axb5 34.Qb3 b4 35.a4 c4 36.Qe3 Nxa4
37.Qd4+ f6 38.Qxc4 Bxc6 39.dxc6 Nb6 40.Qb5 Nc8 41.Qb7+ Ne7 42.c7  1-0

[Event "Dutch Open"]
[Site "Dieren"]
[Date "1999.07.28"]
[Round "9"]
[White "Gershon, Alik"]
[Black "Van Beek, Lucien"]
[Result "1/2-1/2"]
[WhiteElo "2492"]
[BlackElo "2326"]

1.d4 Nf6 2.c4 e6 3.Nf3 c5 4.d5 exd5 5.cxd5 d6 6.Nc3 g6 7.Nd2 Bg7 8.e4 O-O
9.Be2 Na6 10.O-O Nc7 11.a4 Nfe8 12.Nc4 b6 13.Bf4 Ba6 14.Qd2 Bxc4 15.Bxc4 Nf6
16.Bh6 Bxh6 17.Qxh6 a6 18.Rae1 Rb8 19.f4 b5 20.Bd3 c4 21.Bb1 Nce8 22.Kh1 Rb7
23.Rf3 Ng7 24.Rh3 Ngh5 25.Qg5 h6 26.Qh4 Nh7 27.Qg4 Kh8 28.axb5 axb5 29.Qf3 Qf6
30.Rf1 b4 31.Nd1 Qd4 32.g4 N5f6 33.Rxh6 Kg7 34.g5 Nh5 35.Ne3 Qxb2 36.e5 Nxf4
37.Qxf4 Qxe5 38.Nxc4 Qxf4 39.Rxf4 Nxg5 40.Rhh4 Re8 41.Rf1 Rd7 42.Rg4 Nh7
43.Re4 Rb8 44.Rd4 Nf6 45.Bd3 b3 46.Nb2 Ra7 47.Rf2 Nd7 48.Kg2 Ne5 49.Rd2 Ra1
50.Be2 f5 51.Bd1 Kf6 52.Rh4 Ra5 53.Rh3 Rab5 54.Rc3 Rb4 55.Be2 Ra8 56.Bc4 Rc8
57.Rd4 Rc5 58.Kf1 g5 59.Ke2 Ra5 60.Rd2 Rc5 61.Rd4 Nxc4 62.Rcxc4 Rcxc4 63.Rxc4 Rb5
64.h4 Rxd5  1/2-1/2

[Event "Korinthos op 3rd"]
[Site "Korinthos"]
[Date "1999.07.29"]
[Round "6"]
[White "Kutirov, Rolando"]
[Black "Stefanopoulos, Orestis"]
[Result "1/2-1/2"]
[WhiteElo "2392"]
[BlackElo "2254"]

1.d4 Nf6 2.c4 c5 3.d5 e6 4.Nc3 exd5 5.cxd5 d6 6.Nf3 g6 7.Bg5 Bg7 8.e3 h6
9.Bh4 a6 10.a4 g5 11.Bg3 Nh5 12.Bd3 Qe7 13.Nd2 Nxg3 14.hxg3 Nd7 15.Bf5 Ne5
16.Qc2 c4 17.O-O O-O 18.a5 Bxf5 19.Qxf5 Rac8 20.Na4 Rc7 21.Rac1 Qe8 22.b3 Qb5
23.Nb6 c3 24.Ndc4  1/2-1/2

[Event "MK Cafe Cup-A"]
[Site "Koszalin"]
[Date "1999.08.03"]
[Round "1"]
[White "Epishin, Vladimir"]
[Black "Sherbakov, Ruslan"]
[Result "1-0"]
[WhiteElo "2657"]
[BlackElo "2541"]

1.d4 Nf6 2.c4 e6 3.Nf3 c5 4.d5 exd5 5.cxd5 d6 6.Nc3 g6 7.e4 Bg7 8.h3 O-O
9.Bd3 b5 10.Nxb5 Re8 11.O-O Nxe4 12.Qb3 Na6 13.Re1 Bf5 14.Qc4 Nf6 15.Rxe8+ Nxe8
16.Bxf5 gxf5 17.Nbd4 cxd4 18.Qxa6 Be5 19.Bd2 Qb6 20.Qd3 Ng7 21.Re1 Bf6 22.b4 Qb7
23.Qb3 Rc8 24.Rc1 Rxc1+ 25.Bxc1 Qb5 26.a4 Qe2 27.b5 Bh4 28.Nxh4 Qe1+ 29.Kh2 Qxc1
30.Qg3 f4 31.Qg5 h6 32.Qd8+ Kh7 33.Qf6 Qd2 34.Qxf7 d3 35.Nf5 Qc3 36.Ne7 h5
37.Qg6+  1-0

[Event "MK Cafe Cup-A"]
[Site "Koszalin"]
[Date "1999.08.04"]
[Round "2"]
[White "Burmakin, Vladimir"]
[Black "Degraeve, Jean Marc"]
[Result "0-1"]
[WhiteElo "2579"]
[BlackElo "2542"]

1.d4 Nf6 2.Nf3 e6 3.c4 c5 4.d5 exd5 5.cxd5 d6 6.Nc3 g6 7.g3 Bg7 8.Bg2 O-O
9.O-O Re8 10.Nd2 b6 11.Nc4 Ba6 12.Qb3 Bxc4 13.Qxc4 a6 14.a4 b5 15.Qd3 b4
16.Nd1 a5 17.b3 Ng4 18.Bb2 Ne5 19.Qc2 Nbd7 20.f4 Ng4 21.Bxg7 Kxg7 22.e4 Qf6
23.Rc1 Qd4+ 24.Kh1 Ndf6 25.Qe2 Nxe4 26.Qxg4 Nd2 27.Nf2 Nxf1 28.Rxf1 Re3 29.Qd7 Rae8
30.Ng4 Re1 31.Ne5 Rxf1+ 32.Bxf1 Qxd5+ 33.Kg1 Qd4+ 34.Kg2 Rf8 35.Nc4 Qe4+
36.Kf2 d5 37.Nd2 Qe6 38.Bb5 Qf6 39.Qc7 Qd4+ 40.Ke2 Qg1 41.Nf1 Qg2+ 42.Ke1 Qe4+
43.Kf2 Qd4+ 44.Ke2 c4 45.bxc4 b3 46.Nd2 b2 47.Qe5+ Qxe5+ 48.fxe5 dxc4 49.Bxc4 Rc8
50.Ba2 Rc3 51.Bb1 Kf8 52.Ne4 Rc1 53.Nd2 Ke7 54.Kd3 h5 55.Bc2 Rh1 56.Kc3 Rxh2
57.Ne4 Rg2 58.Kxb2 Ke6 59.Ng5+ Kxe5 60.Nxf7+ Kd5 61.Kc1 Rxg3 62.Kd1 h4  0-1

[Event "Scandic Hotels CC"]
[Site "Stockholm"]
[Date "1999.08.05"]
[Round "6"]
[White "Yakovich, Yuri"]
[Black "Wedberg, Tom"]
[Result "0-1"]
[WhiteElo "2592"]
[BlackElo "2487"]

1.d4 Nf6 2.c4 e6 3.Nf3 c5 4.d5 d6 5.Nc3 exd5 6.cxd5 g6 7.Bf4 a6 8.e4 b5 9.Qe2 Be7
10.Qc2 O-O 11.a4 b4 12.Nb1 Nh5 13.Bh6 Re8 14.Bd3 Nd7 15.O-O Bf8 16.Bxf8 Kxf8
17.Nbd2 Nf4 18.Rfe1 Nxd3 19.Qxd3 a5 20.Qe3 Kg7 21.Nc4 Nb6 22.Nxb6 Qxb6 23.h4 Qd8
24.h5 Qf6 25.h6+ Kg8 26.e5 dxe5 27.Nxe5 Qh4 28.Qxc5 Bf5 29.d6 Qxh6 30.d7 Red8
31.Rad1 Qg7 32.Qc7 b3 33.Nc6 Rxd7 34.Rxd7 Bxd7 35.Qxd7 Qxb2 36.Ne5 Rf8 37.Qb5 Qc3
38.Rb1 Rd8 39.Rxb3 Qc1+ 40.Qf1 Rd1  0-1

[Event "Mala mem op"]
[Site "Griesheim"]
[Date "1999.08.06"]
[Round "3"]
[White "Becker, Robert"]
[Black "Bagaturov, Giorgi"]
[Result "0-1"]
[WhiteElo "2180"]
[BlackElo "2532"]

1.d4 Nf6 2.c4 e6 3.Nf3 c5 4.d5 exd5 5.cxd5 d6 6.Nc3 g6 7.e4 Bg7 8.Bd3 O-O
9.O-O Bg4 10.h3 Bxf3 11.Qxf3 Nbd7 12.Qe2 Re8 13.f4 c4 14.Bc2 b5 15.Qf3 Rb8
16.Be3 b4 17.Ne2 Nxe4 18.Bxe4 Qe7 19.Bxa7 Ra8 20.Bd4 Qxe4 21.Qxe4 Rxe4 22.Bxg7 Kxg7
23.Kf2 Rae8 24.Rfe1 Nc5  0-1

[Event "MK Cafe Cup-A"]
[Site "Koszalin"]
[Date "1999.08.06"]
[Round "4"]
[White "Gyimesi, Zoltan"]
[Black "Pigusov, Evgeny"]
[Result "1/2-1/2"]
[WhiteElo "2531"]
[BlackElo "2609"]

1.d4 Nf6 2.c4 e6 3.Nf3 c5 4.d5 exd5 5.cxd5 d6 6.Nc3 g6 7.Nd2 Bg7 8.e4 O-O
9.Be2 Re8 10.O-O Nbd7 11.a4 Ne5 12.Re1 g5 13.Nf1 h6 14.Ng3 Ng6 15.a5 a6 16.Bd2 Rb8
17.Qc2 Nf4 18.Bc4 Ng4 19.Nce2 Qf6 20.f3 Nxe2+ 21.Nxe2 Ne5 22.Rab1 Qg6 23.Ng3 Nxc4  1/2-1/2

[Event "Valoz Cup"]
[Site "Olomouc"]
[Date "1999.08.09"]
[Round "4"]
[White "Kozak, Milos"]
[Black "Lemmers, Oscar"]
[Result "1/2-1/2"]
[WhiteElo "2244"]
[BlackElo "2406"]

1.d4 c5 2.d5 Nf6 3.c4 e6 4.Nc3 exd5 5.cxd5 d6 6.Nf3 g6 7.Bf4 Bg7 8.h3 a6
9.a4 Qe7 10.e3 O-O 11.Be2 Nbd7 12.O-O Re8 13.Bh2 h6 14.Nd2 Ne5 15.Kh1 Rb8
16.f4 Ned7 17.e4 Rd8 18.Qc2 Ne8 19.a5 Nc7 20.Rad1 b5 21.axb6 Nxb6 22.Nb3  1/2-1/2

[Event "Pyramiden Franken Cup"]
[Site "Fuerth"]
[Date "1999.08.26"]
[Round "6"]
[White "Hammes, Michael"]
[Black "Conquest, Stuart"]
[Result "0-1"]
[WhiteElo "2360"]
[BlackElo "2555"]

1.d4 Nf6 2.c4 e6 3.Nf3 c5 4.d5 d6 5.Nc3 exd5 6.cxd5 g6 7.g3 Bg7 8.Bg2 O-O
9.O-O Nbd7 10.Nd2 Re8 11.h3 a6 12.a4 Nh5 13.Kh2 Rb8 14.Nc4 Ne5 15.Na3 Bd7
16.f4 b5 17.Ne4 b4 18.Nxd6 bxa3 19.Nxe8 Qxe8 20.Rxa3 Nc4 21.Ra2 Nxb2 22.Qc2 Nxa4
23.g4 Nf6 24.Ra3 Rb4 25.Bf3 Bb5 26.Re1 Rc4 27.Qb1 Nc3 28.Qa1 Nfxd5 29.e4 Nb4  0-1

[Event "London MSO Masters"]
[Site "London"]
[Date "1999.08.26"]
[Round "6"]
[White "Lalic, Bogdan"]
[Black "Ward, Christopher"]
[Result "1/2-1/2"]
[WhiteElo "2550"]
[BlackElo "2473"]

1.d4 Nf6 2.c4 e6 3.Nf3 c5 4.d5 d6 5.Nc3 exd5 6.cxd5 g6 7.h3 a6 8.e4 b5 9.Bd3 Bg7
10.O-O c4 11.Bc2 O-O 12.a3 Nbd7  1/2-1/2

[Event "SoLett op"]
[Site "Skelleftea"]
[Date "1999.09.03"]
[Round "7"]
[White "Malmstig, Erik"]
[Black "Wedberg, Tom"]
[Result "0-1"]
[WhiteElo "2270"]
[BlackElo "2487"]

1.d4 Nf6 2.c4 e6 3.Nf3 c5 4.d5 d6 5.Nc3 exd5 6.cxd5 g6 7.e4 a6 8.a4 Bg4 9.Be2 Bxf3
10.gxf3 Bg7 11.h4 Nbd7 12.Bg5 Qa5 13.Kf1 Rc8 14.Qd2 Rb8 15.h5 h6 16.Bf4 Qc7
17.hxg6 fxg6 18.Rh2 Ne5 19.Bxh6 Bxh6 20.Rxh6 Qg7 21.Rxh8+ Qxh8 22.Kg2 Nh5
23.f4 Qh6 24.Bxh5 gxh5 25.Ne2 Kd7 26.Rh1 Rg8+ 27.Kf1 Qg6 28.Ng3 h4 29.fxe5 hxg3
30.Rh6 g2+ 31.Kg1 Qxe4 32.Rxd6+ Kc8 33.Qc1 Qxe5 34.Qxc5+ Kb8 35.Re6 Qh2+
36.Kxh2 g1=Q+  0-1

[Event "Donne Haas mem"]
[Site "Bonnevoie"]
[Date "1999.09.18"]
[Round "1"]
[White "Burkart, Patrick"]
[Black "Berend, Fred"]
[Result "1/2-1/2"]
[WhiteElo "2381"]
[BlackElo "2367"]

1.d4 Nf6 2.Nf3 e6 3.c4 c5 4.d5 exd5 5.cxd5 d6 6.Nc3 g6 7.Bf4 a6 8.Nd2 Nbd7
9.a4 Nh5 10.Be3 Ne5 11.g3 Bg7 12.Bg2 O-O 13.O-O Rb8 14.a5 b5 15.axb6 Rxb6
16.Ra2 Rb4 17.Qc1 f5 18.Nf3 f4 19.Nxe5 Bxe5 20.Bd2 Qe7 21.Nd1 Rb6 22.Ba5 Rb3
23.Bc3 Bxc3 24.Nxc3 Qe5 25.Qc2 Rb4 26.Ra4 Bf5 27.Qd2 Rd4 28.Rxd4 cxd4 29.Na2 Be4
30.Bxe4 Qxe4 31.Qd3 Qxd3 32.exd3 Rb8 33.b4 Nf6 34.Rc1 Nxd5 35.Rc6 Rb6 36.Rc4 a5
37.bxa5 Rb2 38.Rxd4 f3 39.h3 Nc7 40.Nc3 Rc2 41.Ne4 Rc1+ 42.Kh2 d5 43.Nf6+ Kf7
44.Nxd5 Nxd5 45.Rxd5 Rc2 46.g4 Rxf2+ 47.Kg3 Rf1 48.Rd7+ Ke6 49.Rxh7 f2 50.Rg7 Kf6
51.Rd7 Ke5 52.a6 Ra1 53.Kxf2 Rxa6 54.Ke3 Ra1 55.Re7+ Kf6 56.Re4 Kg5 57.Rf4 Kh4
58.g5+ Kxg5 59.h4+ Kh5 60.d4 g5 61.hxg5 Kxg5 62.Rf2 Ra8 63.Ke4 Rc8 64.Kd5 Rd8+
65.Ke4 Re8+ 66.Kd3  1/2-1/2

[Event "Budapest FS10 GM"]
[Site "Budapest"]
[Date "1999.10.12"]
[Round "11"]
[White "Vovsha, Eli"]
[Black "Forintos, Gyozo V"]
[Result "1/2-1/2"]
[WhiteElo "2289"]
[BlackElo "2343"]

1.d4 Nf6 2.c4 e6 3.Nf3 c5 4.d5 exd5 5.cxd5 d6 6.Nc3 Qa5 7.e4 Nxe4 8.Qe2 f5
9.Nd2 Be7 10.Ndxe4 fxe4 11.Qxe4 Nd7 12.Bg5 Nf6 13.Bxf6 gxf6 14.Bb5+ Kd8 15.O-O f5
16.Qe3 Qb4 17.Rfe1 Bf6 18.Rac1 a6 19.Bd3 Bd7 20.Qh6  1/2-1/2

[Event "Wichern op 5th"]
[Site "Hamburg"]
[Date "1999.10.15"]
[Round "1"]
[White "Richter, Michael"]
[Black "Andersson, Niklas"]
[Result "1-0"]
[WhiteElo "2410"]
[BlackElo "1996"]

1.d4 Nf6 2.c4 e6 3.Nf3 c5 4.d5 exd5 5.cxd5 d6 6.Nc3 g6 7.h3 Bg7 8.e4 O-O
9.Bd3 a6 10.a4 Nh5 11.g4 Nf6 12.Bf4 Ne8 13.Qe2 f5 14.gxf5 gxf5 15.exf5 Nc7
16.Rg1 Re8 17.Ne4 Bxf5 18.O-O-O Kh8 19.Rxg7 Kxg7 20.Nxd6 Rxe2 21.Nxf5+ Kf8
22.Bxe2 Qf6 23.Bh6+ Ke8 24.Bd3 Nxd5 25.Bg5 Qf8 26.Be4 Nf6 27.Ne5 Nbd7 28.Nxd7 Nxe4
29.Nxf8 Nxg5 30.h4  1-0

[Event "Wichern op 5th"]
[Site "Hamburg"]
[Date "1999.10.17"]
[Round "3"]
[White "Lerner, Konstantin Z"]
[Black "Kopylov, Mihail"]
[Result "1/2-1/2"]
[WhiteElo "2588"]
[BlackElo "2426"]

1.d4 Nf6 2.Nf3 c5 3.d5 e6 4.c4 exd5 5.cxd5 d6 6.Nc3 g6 7.Nd2 Bg7 8.e4 O-O
9.Be2 Na6 10.O-O Nc7 11.a4 b6 12.Nc4 Ba6 13.Bg5 Qd7 14.b3 b5 15.axb5 Nxb5
16.Nxb5 Bxb5 17.f3 Nh5 18.Ra2 Bd4+ 19.Kh1 f6 20.Bh6 Rfb8 21.g4 Ng7 22.Bf4 Ne8
23.Qd2 Qe7 24.Be3 Bxc4 25.Bxc4 Bxe3 26.Qxe3 Nc7 27.Qd3 a6 28.Rfa1 Qe5 29.Kg2 Rb6
30.Qe3 g5 31.Rf1 Re8 32.Re2 Nb5 33.f4 gxf4 34.Rxf4 Nd4 35.Ref2 Rf8 36.Qg3 Rb7
37.g5 Rg7 38.h4 Rff7 39.Rg4 Qxg3+ 40.Rxg3 fxg5 41.Rxf7 Kxf7 42.hxg5 a5 43.Kf2 Kg6
44.Ke3 Re7 45.Rg2 Kh5 46.Rg1 Kg6 47.Rg2 Kh5  1/2-1/2

[Event "Wichern op 5th"]
[Site "Hamburg"]
[Date "1999.10.17"]
[Round "4"]
[White "Ivanov, Michail"]
[Black "Zierke, Oliver"]
[Result "1/2-1/2"]
[WhiteElo "2510"]
[BlackElo "2314"]

1.d4 Nf6 2.c4 e6 3.Nf3 c5 4.d5 exd5 5.cxd5 d6 6.Nc3 g6 7.e4 Bg7 8.Bd3 O-O
9.O-O Bg4 10.h3 Bxf3 11.Qxf3 Nbd7 12.Qd1 Re8 13.Bf4 Ne5 14.Be2 a6 15.a4 Rb8
16.Bh2 g5 17.Qd2 Ng6 18.Bd3 Nh5 19.g3 Qd7 20.Qxg5 Qxh3 21.Qf5 Qxf5 22.exf5 Ne5
23.Be2 Nf6 24.f3 h5 25.Kf2 Bh6 26.Rg1 c4 27.g4 hxg4 28.Ne4  1/2-1/2

[Event "Wch U16"]
[Site "Oropesa del Mar"]
[Date "1999.10.26"]
[Round "3"]
[White "Jankovic, Alojzije"]
[Black "Tan, Desmond"]
[Result "1/2-1/2"]
[WhiteElo "2313"]
[BlackElo "2182"]

1.d4 Nf6 2.Nf3 e6 3.c4 c5 4.d5 d6 5.Nc3 exd5 6.cxd5 g6 7.h3 Bg7 8.e4 O-O
9.Bd3 b5 10.Nxb5 Re8 11.O-O Nxe4 12.Qb3 Na6 13.Re1 Nf6 14.Bf4 Rb8 15.Bc4 Bd7
16.Qa3 Bxb5 17.Bxb5 Rxe1+  1/2-1/2

[Event "Wch U18"]
[Site "Oropesa del Mar"]
[Date "1999.10.31"]
[Round "7"]
[White "Buhmann, Rainer"]
[Black "Loetscher, Roland"]
[Result "1/2-1/2"]
[WhiteElo "2386"]
[BlackElo "2209"]

1.d4 Nf6 2.c4 c5 3.d5 e6 4.Nc3 exd5 5.cxd5 d6 6.Nf3 g6 7.Nd2 Bg7 8.Nc4 O-O
9.g3 Na6 10.Bg2 Nc7 11.O-O Nfe8 12.a4 b6 13.Re1 Ba6 14.Na3 f5 15.Rb1 Qd7
16.Bf4 Rd8 17.Bg5 Rc8 18.Qd2 Bb7 19.Nc2 Qf7 20.Red1 Nf6 21.Bf4 Rcd8 22.Bf3 Rfe8
23.Bg5 Rb8 24.Bf4 Rbd8 25.Bg5 Rb8 26.Ne3 Ne4 27.Bxe4 fxe4 28.Nc4 Qd7 29.Qf4 Bxc3
30.bxc3 Nxd5 31.Qxd6 Qf5 32.Ne3 Qe5 33.Qxe5 Rxe5 34.Nxd5 Bxd5 35.Rxd5 Rxd5
36.a5 Kf7 37.Be3 Rb7 38.axb6 axb6 39.f3 Ke6 40.Kf2 Kd6 41.Ra1 Rf7 42.Bf4+ Kc6
43.h4 exf3 44.exf3 h6 45.Ke2 c4  1/2-1/2

[Event "Budapest FS11 IM"]
[Site "Budapest"]
[Date "1999.11.06"]
[Round "1"]
[White "Yu Mingyuan"]
[Black "Hardicsay, Peter"]
[Result "1/2-1/2"]
[WhiteElo "2319"]
[BlackElo "2304"]

1.d4 Nf6 2.Nf3 e6 3.c4 c5 4.d5 exd5 5.cxd5 d6 6.Nc3 g6 7.e4 Bg7 8.Be2 O-O
9.Bf4 a6 10.a4 Bg4 11.O-O Bxf3 12.Bxf3 Qe7 13.h3 Nbd7 14.Qc2 h5 15.Bh2 Rfe8
16.Rfe1 Nh7 17.g3 h4 18.Bg2 hxg3 19.Bxg3 Nhf6 20.Bh4 Qe5 21.Bg3 Qe7 22.Bh4 Qe5
23.Bg3  1/2-1/2

[Event "ch-ESP (team) Div 2"]
[Site "Cala Galdana ESP"]
[Date "1999.11.15"]
[Round "8"]
[White "Alvarez Ibarra,R"]
[Black "Martin Gonzalez,An"]
[Result "1/2-1/2"]
[WhiteElo "2401"]
[BlackElo "2422"]

1.d4 Nf6 2.Nf3 e6 3.c4 c5 4.d5 exd5 5.cxd5 d6 6.Nc3 g6 7.h3 Bg7 8.e4 O-O
9.Bd3 b5 10.Bxb5 Nxe4 11.Nxe4 Qa5+ 12.Nfd2 Qxb5 13.Nxd6 Qa6 14.N2c4 Rd8 15.Bf4  1/2-1/2

[Event "City-ch"]
[Site "Mar del Plata ARG"]
[Date "1999.11.26"]
[Round "6"]
[White "Fernandez,JorD"]
[Black "Rosito,J"]
[Result "0-1"]
[WhiteElo "2180"]
[BlackElo "2379"]

1.Nf3 Nf6 2.d4 c5 3.d5 e6 4.c4 d6 5.Nc3 exd5 6.cxd5 g6 7.e4 a6 8.a4 Bg4 9.Be2 Bxf3
10.Bxf3 Nbd7 11.O-O Bg7 12.h3 O-O 13.Bg5 h6 14.Bf4 Qe7 15.Qd2 h5 16.Rae1 Rfe8
17.Bg5 Qf8 18.Bd1 b5 19.Bc2 Nh7 20.Bh4 Rab8 21.axb5 axb5 22.f4 Bd4+ 23.Kh1 Qg7
24.Bf2 Bxf2 25.Qxf2 b4 26.Nd1 Ra8 27.Bd3 Qd4 28.Qxd4 cxd4 29.Bb5 Re7 30.e5 Rd8
31.e6 Nb6 32.f5 Kg7 33.fxg6 fxg6 34.Rf4 Nxd5 35.Rxd4 Nhf6 36.Bc4 Nc7 37.Bb3 d5
38.Rxb4 Rxe6 39.Rxe6 Nxe6 40.Rb7+ Kh6 41.Rb6 Nd4 42.Ba4 Ne4 43.Ne3 Ne2 44.Bc6 N4g3+
45.Kh2 d4 46.Nc4 Nf1+ 47.Kh1 d3 48.Ba4 Rf8 49.g4 Rf2  0-1

[Event "ch-ARG Najdorf mem"]
[Site "Buenos Aires ARG"]
[Date "1999.12.01"]
[Round "10"]
[White "Rubinetti,J"]
[Black "Tempone,M"]
[Result "1/2-1/2"]
[WhiteElo "2432"]
[BlackElo "2423"]

1.d4 Nf6 2.c4 e6 3.Nf3 c5 4.d5 d6 5.Nc3 exd5 6.cxd5 g6 7.Bg5 Bg7 8.e3 h6
9.Bh4 O-O 10.Nd2 a6 11.a4 Nbd7 12.Be2 Rb8 13.Nc4 Nb6 14.Nxd6 Qxd6 15.Bg3 Qd8
16.Bxb8 Nfxd5 17.O-O Be6 18.Nxd5 Nxd5 19.e4 Qxb8 20.exd5 Rd8 21.Bf3 Bf5 22.Rc1 Bd4
23.b4 b6 24.Qd2 Bf6 25.h4 Bxh4 26.Qxh6 Be7 27.bxc5 Bxc5 28.Rfe1 Bf8 29.Qh4 b5
30.axb5 axb5 31.Be4 Bxe4 32.Qxe4 b4 33.Rb1 Qb5 34.Red1 Re8 35.Qf3 Bd6 36.g3 Re5
37.Kg2 Kg7 38.Qd3 Qb8 39.Qd4 Kg8 40.Re1 b3 41.Rxe5 Bxe5 42.Rxb3 Qxb3 43.Qxe5 Qb7
44.Kh2 Qb6 45.Qf4 Qc5 46.d6 Qh5+ 47.Qh4 Qc5 48.Qf6 Qh5+ 49.Kg1 Qd1+ 50.Kg2 Qd5+
51.f3 Qb5 52.Qd4 Qe2+ 53.Kg1 Qe1+ 54.Kg2 Qe2+ 55.Qf2 Qd3 56.Qc5 Qe2+  1/2-1/2

[Event "ch-NED (qualifier KO)"]
[Site "Rotterdam NED"]
[Date "1999.12.04"]
[Round "1.1"]
[White "Blees,A"]
[Black "Dambacher,M"]
[Result "1/2-1/2"]
[WhiteElo "2410"]
[BlackElo "2197"]

1.d4 Nf6 2.Nf3 e6 3.c4 c5 4.d5 exd5 5.cxd5 d6 6.Nc3 g6 7.g3 Bg7 8.Bg2 O-O
9.O-O a6 10.a4 Nbd7 11.Bf4 Qc7 12.h3 Rb8 13.Rc1 h6 14.e4 Re8 15.Re1 g5 16.Bd2 b5
17.b4 bxa4 18.bxc5 Nxc5 19.e5 Nfd7 20.h4 Nxe5 21.hxg5 hxg5 22.Nxg5 Ncd3 23.Qxa4 Bf5
24.Be4 Nxe1 25.Rxe1 Nd3 26.Re3 Nc5 27.Qc4 Bxe4 28.Ncxe4 Rbc8 29.Qe2 Nxe4
30.Nxe4 Re5 31.Qg4 f5 32.Nf6+ Kf7 33.Qh5+ Kxf6 34.Rf3 Ke7 35.Qg6 Kf8 36.Rxf5+ Rxf5
37.Qxf5+ Kg8 38.Qe6+ Kh7  1/2-1/2

[Event "FSGM December"]
[Site "Budapest HUN"]
[Date "1999.12.11"]
[Round "8"]
[White "Lipinsky,F"]
[Black "Richter,Mi"]
[Result "1/2-1/2"]
[WhiteElo "2331"]
[BlackElo "2410"]

1.d4 Nf6 2.c4 e6 3.Nf3 c5 4.d5 exd5 5.cxd5 d6 6.Nc3 g6 7.e4 Bg4 8.Bd3 Bg7
9.O-O O-O 10.Rb1 Nbd7 11.h3 Bxf3 12.Qxf3 Ne5 13.Qe2  1/2-1/2

[Event "FSIMB December"]
[Site "Budapest HUN"]
[Date "1999.12.13"]
[Round "10"]
[White "Eperjesi,L"]
[Black "Cooke,E"]
[Result "1-0"]
[WhiteElo "2381"]
[BlackElo "2250"]

1.d4 Nf6 2.c4 c5 3.d5 e6 4.Nc3 exd5 5.cxd5 d6 6.Nf3 g6 7.Bg5 Bg7 8.e3 h6
9.Bh4 g5 10.Bg3 Nh5 11.Nd2 Nxg3 12.hxg3 Bf5 13.g4 Bg6 14.Bb5+ Kf8 15.a4 Na6
16.f4 gxf4 17.exf4 f5 18.gxf5 Bxf5 19.Qh5 Qe7+ 20.Kf1 Qf6 21.Re1 Bg6 22.Qf3 Nc7
23.Nde4 Bxe4 24.Nxe4 Qxb2 25.Rh5 Nxb5 26.Rf5+ Kg8 27.Qh5 Rh7 28.Qg6 Kh8 29.Ng5 hxg5
30.Re8+ Rxe8 31.Qxe8+  1-0

[Event "Open"]
[Site "Zadar CRO"]
[Date "1999.12.14"]
[Round "1"]
[White "Farago,I"]
[Black "Cohrs,C"]
[Result "1-0"]
[WhiteElo "2512"]
[BlackElo "2209"]

1.d4 Nf6 2.c4 e6 3.Nf3 c5 4.d5 exd5 5.cxd5 d6 6.Nc3 g6 7.Nd2 Bg7 8.e4 O-O
9.Be2 Na6 10.O-O Nc7 11.a4 b6 12.Nc4 Ba6 13.Bf4 Bxc4 14.Bxc4 a6 15.h3 Rb8
16.e5 dxe5 17.Bxe5 Nfe8 18.Bh2 Nd6 19.Bb3 Rb7 20.Qd2 Nce8 21.Rfe1 Qh4 22.Bf4 Nf5
23.Bc4 b5 24.axb5 axb5 25.Bf1 Nd4 26.Bg5 Qh5 27.Ra8 Nd6 28.Rxf8+ Bxf8 29.Qf4 h6
30.Bf6 g5 31.Qd2 N6f5 32.Ne4 Qg6 33.Qa5 g4 34.hxg4  1-0

[Event "5th Gudmundur Arason"]
[Site "Hafnarfjordur ISL"]
[Date "1999.12.18"]
[Round "7"]
[White "Edvardsson,K"]
[Black "Bjornsson,B"]
[Result "1-0"]
[WhiteElo "2209"]
[BlackElo "2250"]

1.d4 Nf6 2.c4 c5 3.d5 e6 4.Nc3 exd5 5.cxd5 d6 6.Nf3 g6 7.h3 Bg7 8.e4 O-O
9.Bd3 b5 10.Nxb5 Re8 11.O-O Nxe4 12.Re1 Nf6 13.Bf4 Rxe1+ 14.Qxe1 Bb7 15.Nxd6 Bxd5
16.Rd1 Nc6 17.Bc4 Bxc4 18.Nxc4 Nd4 19.Nxd4 cxd4 20.Be5 Rc8 21.b3 Qd7 22.Bxd4 Rd8
23.Ne3 Qb7 24.Qe2 Re8 25.Qb2 Nh5 26.Bxg7 Nxg7 27.Ng4 Rc8 28.Rd7  1-0

[Event "Alushta3"]
[Site "Alushta"]
[Date "1999.??.??"]
[Round "?"]
[White "Askarian, Karen"]
[Black "Moskalenko, Viktor"]
[Result "0-1"]
[WhiteElo "2295"]
[BlackElo "2469"]

1.d4 Nf6 2.c4 c5 3.d5 e6 4.Nc3 exd5 5.cxd5 d6 6.Nf3 g6 7.g3 Bg7 8.Bg2 O-O
9.O-O Na6 10.Nd2 Rb8 11.a4 Nc7 12.Nc4 b6 13.h3 Ba6 14.Na3 Re8 15.Re1 Nd7
16.f4 c4 17.Nc2 Nc5 18.Nb4 Bb7 19.Nc6 Bxc6 20.dxc6 Bxc3 21.bxc3 d5 22.f5 Qd6
23.Bf4 Qxc6 24.a5 b5 25.Qd4 gxf5 26.Kh2 a6 27.Bf3 Ne4 28.Rg1 Ne6 29.Qe5 f6
30.Qxf5 Ng7 31.Qg4 Rbd8 32.Rac1 Qe6 33.Qh4 d4 34.cxd4 Rxd4 35.Rg2 Ng5 36.Bg4 Qd5
37.Qh6 Ne4 38.Rf1 Qf7 39.Be3 Rd5 40.Qf4 Qe7 41.Bf3 Rf5 42.Qh6 Ng5 43.Bd2 Nxf3+
44.exf3 Re5 45.g4 Re6 46.Qf4 Qd6 47.Kg3 Qxf4+ 48.Kxf4 Rd6 49.Bc3 Kf7 50.h4 Ne6+
51.Kg3 Rd3 52.Rc1 Nd4 53.Bxd4 Rxd4 54.g5 b4 55.f4 c3  0-1

[Event "Athens op"]
[Site "Athens"]
[Date "1999.??.??"]
[Round "8"]
[White "Ristic, Nenad"]
[Black "Sax, Gyula"]
[Result "0-1"]
[WhiteElo "2432"]
[BlackElo "2524"]

1.d4 Nf6 2.Nf3 e6 3.c4 c5 4.d5 exd5 5.cxd5 d6 6.Nc3 g6 7.Bf4 a6 8.Ne4 Nh5
9.Qd2 f5 10.Bg5 Be7 11.Ng3 Nf6 12.Bh6 Nbd7 13.h4 Nb6 14.Ng5 Nc4 15.Qc3 Ne5
16.Ne6 Nxd5 17.Nxd8 Nxc3 18.Nxb7 Na4 19.Na5 Nxb2 20.Rb1 Rb8 21.Rc1 Bd8 22.Nb3 c4
23.Nd2 Kf7 24.Bf4 Ba5 25.h5 g5 26.Bxg5 Re8 27.e4 d5 28.Rc2 fxe4 29.Be2 Ned3+
30.Kf1 Bd7 31.Bxd3 Nxd3 32.a4 c3  0-1

[Event "ROM-ch sf"]
[Site "Baile Tusnad"]
[Date "1999.??.??"]
[Round "5"]
[White "Dutu, Florin"]
[Black "Szabo, Attila"]
[Result "1/2-1/2"]
[WhiteElo "2141"]
[BlackElo "2311"]

1.d4 Nf6 2.c4 c5 3.d5 e6 4.Nc3 exd5 5.cxd5 d6 6.Nf3 g6 7.e4 Bg7 8.h3 O-O
9.Bd3 b6 10.O-O Ba6 11.Bxa6 Nxa6 12.Bf4 Nc7 13.a4 Re8 14.Re1 a6 15.Rb1 b5
16.b4 cxb4 17.Rxb4 a5 18.Rxb5 Nxb5 19.axb5 Rc8 20.Qd3 Nd7 21.Na4 Ne5 22.Nxe5 Bxe5
23.Be3 Qc7 24.Nb6 Qc2 25.Qf1 Rc3 26.Nd7 Rb3 27.Nxe5 dxe5 28.f3 a4 29.Rc1 Qb2
30.Bg5 Qd4+ 31.Kh2 a3 32.Rd1 a2 33.Rxd4 exd4 34.Qc4 Rb2 35.Qxd4 a1=Q 36.Bf6 Rb8
37.Qxb2 Qxb2 38.Bxb2 Rxb5 39.Bf6 Kf8 40.d6 Ke8 41.g4 Kd7 42.e5 Ke6 43.Kg3 Rb3
44.h4 Rd3 45.Kf4 Rb3 46.Bg7 Ra3 47.Bf6  1/2-1/2